| 000 | 00668nam a2200229Ia 4500 | ||
|---|---|---|---|
| 003 | OSt | ||
| 005 | 20220923230656.0 | ||
| 006 | a|||||r|||| 00| 0 | ||
| 007 | ta | ||
| 008 | Pun | ||
| 024 | _a304,681 | ||
| 037 | _cTextual | ||
| 040 |
_aARTS _cARTS _bPun |
||
| 041 |
_2Pun _aPun |
||
| 082 | _aV236912.R'N7, 153M4 | ||
| 100 |
_aਦਿਲਸ਼ਾਦ, ਹਣਜੀਤ ਸ੍ਵਿਘ _9157373 |
||
| 245 | 0 | _aਹਣੀਏ ਦਾ ਇਤਿਹਾਸ | |
| 260 | _c1984 | ||
| 650 | _aਭਾਰਤੀਯ ਇਤਿਹਾਸ | ||
| 942 |
_hV236912.R'N7, 153M4 _cTEXL _2CC |
||
| 999 |
_c386488 _d386488 |
||